000 00428nam a22000977a 4500
008 211004b ||||| |||| 00| 0 eng d
100 _aSiegel, Robert - Auction Galleries Sale 1242 (Oct 12, 20210
245 _aGordon Eubanks Collection US 1851 to 1856 Imperoratef Issues
260 _bRobert Siegel Auction Galleries, Inc.
_c2021
650 _aUnited States ; Imperforate Issues; One-cent Benjamin Franklin; three cent George Washington
999 _c3170
_d3170